[Event "TCh-CHN Division A 2014"]
[Site "Jiangmen CHN"]
[Date "2014.12.08"]
[Round "21.3"]
[Board "4"]
[White "Sun, Fanghui"]
[Black "Ni, Shiqun"]
[Result "0-1"]
[BlackTitle "WIM"]
[WhiteElo "2077"]
[BlackElo "2262"]
[WhiteTeam "Shandong"]
[BlackTeam "Tianjing"]
[WhiteFideId "8604150"]
[BlackFideId "8608466"]
[EventDate "2014.04.12"]

1. e4 e5 2. Nf3 Nf6 3. Nc3 Bb4 4. Bc4 d6 5. O-O O-O 6. Re1 c6 7. a3 Ba5 8. b4
Bb6 9. d3 Nbd7 10. h3 h6 11. Bb3 Re8 12. Na4 Bc7 13. c4 a5 14. Bb2 Nf8 15. Nc3
Nh5 16. d4 Nf4 17. Ne2 Nxe2+ 18. Qxe2 Ng6 19. dxe5 dxe5 20. Rad1 Qf6 21. Bc1 Be6
22. Nh2 Qe7 23. Qd2 b5 24. Qc3 a4 25. Ba2 c5 26. Be3 cxb4 27. axb4 f6 28. Bc5
Qf7 29. Nf1 Bxc4 30. Bxc4 bxc4 31. Ne3 Nf4 32. Qxc4 Qxc4 33. Nxc4 Red8 34. Nb6
Bxb6 35. Bxb6 Ne2+ 36. Kf1 Rxd1 37. Rxd1 Nc3 38. Ra1 Nxe4 39. Ba5 Nc3 40. Ra3
Rc8 41. Bb6 Nb1 0-1

[Event "TCh-CHN Division A 2014"]
[Site "Jiangmen CHN"]
[Date "2014.12.08"]
[Round "21.3"]
[Board "5"]
[White "Xiao, Yiyi"]
[Black "Khotenashvili, Bela"]
[Result "0-1"]
[WhiteTitle "WFM"]
[BlackTitle "GM"]
[WhiteElo "2248"]
[BlackElo "2504"]
[WhiteTeam "Shandong"]
[BlackTeam "Tianjing"]
[WhiteFideId "8606161"]
[BlackFideId "13602640"]
[EventDate "2014.04.12"]

1. d4 Nf6 2. c4 g6 3. g3 Bg7 4. Bg2 c5 5. d5 d6 6. Nc3 O-O 7. Nf3 e6 8. O-O exd5
9. cxd5 a6 10. a4 Re8 11. Nd2 Nbd7 12. Nc4 Ne5 13. Na3 Nh5 14. Rb1 Bf5 15. e4
Bd7 16. b4 c4 17. Be3 b5 18. axb5 axb5 19. Naxb5 Qb8 20. Nd4 Ng4 21. Qe2 Nxe3
22. fxe3 Ra3 23. Qb2 Qa7 24. Ra1 Rxa1 25. Rxa1 Qb6 26. Nce2 Nf6 27. b5 Rb8 28.
Qa3 Ng4 29. Bh3 Nxe3 30. Qxe3 Bxh3 31. Ra6 Qc5 32. Kf2 Bd7 33. b6 Rxb6 34. Ra7
Rb2 35. Ra8+ Bf8 36. Qc3 Rb3 37. Qc1 Rd3 38. Qa1 c3 39. Qa7 Qxa7 40. Rxa7 Bg4
41. Rc7 Bg7 42. Nb3 Rf3+ 43. Kg2 Re3 44. Nec1 h5 45. h3 Bd1 46. Na5 h4 47. gxh4
Bc2 48. Nc4 Bxe4+ 0-1

[Event "TCh-CHN Division A 2014"]
[Site "Jiangmen CHN"]
[Date "2014.12.08"]
[Round "21.4"]
[Board "1"]
[White "Xu, Xiangyu CHN"]
[Black "Ding, Liren"]
[Result "0-1"]
[BlackTitle "GM"]
[WhiteElo "2277"]
[BlackElo "2730"]
[WhiteTeam "Chengdu"]
[BlackTeam "Zhejiang"]
[WhiteFideId "8608288"]
[BlackFideId "8603677"]
[EventDate "2014.04.12"]

1. e4 c6 2. d4 d5 3. Nd2 dxe4 4. Nxe4 Bf5 5. Ng3 Bg6 6. h4 h6 7. Nf3 e6 8. h5
Bh7 9. Bd3 Bxd3 10. Qxd3 Nf6 11. Bd2 Be7 12. O-O-O O-O 13. Ne4 Nxe4 14. Qxe4 Qd5
15. Qxd5 cxd5 16. g4 Nc6 17. Rdg1 b5 18. g5 f6 19. Be3 Kf7 20. Nh4 Rh8 21. Ng6
Rh7 22. Rh3 b4 23. f4 Bd6 24. Rf1 Ne7 25. Nxe7 Kxe7 26. f5 exf5 27. Rxf5 Ke6 28.
Rf1 Rah8 29. Re1 Kd7 30. Rg1 hxg5 31. Rgh1 Ke6 32. Bd2 Kf7 33. Kd1 Rg8 34. Rf3
g4 35. Rf2 g3 36. Rg2 Re8 37. Be1 Reh8 38. Ke2 Rxh5 39. Rxh5 Rxh5 40. Bxg3 Rg5
41. Kf3 Rxg3+ 42. Rxg3 Bxg3 43. Kxg3 f5 44. Kf3 Kf6 45. Kf4 Kg6 46. Ke5 Kg5 47.
Kxd5 f4 0-1

[Event "TCh-CHN Division A 2014"]
[Site "Jiangmen CHN"]
[Date "2014.12.08"]
[Round "21.4"]
[Board "2"]
[White "Zhao, Yuanhe"]
[Black "Lu, Shanglei"]
[Result "0-1"]
[BlackTitle "GM"]
[WhiteElo "2137"]
[BlackElo "2566"]
[WhiteTeam "Chengdu"]
[BlackTeam "Zhejiang"]
[WhiteFideId "8609497"]
[BlackFideId "8603332"]
[EventDate "2014.04.12"]

1. d4 f5 2. Nc3 Nf6 3. Bg5 d5 4. Bxf6 exf6 5. e3 Be6 6. Bd3 Nc6 7. Nge2 Qd7 8.
a3 Ne7 9. b4 a5 10. Bb5 c6 11. Bd3 Nc8 12. b5 a4 13. bxc6 bxc6 14. Nb1 Nb6 15.
Nd2 Bd6 16. Qc1 O-O 17. O-O Rfc8 18. c3 h5 19. Nf4 Bf7 20. Qc2 g6 21. Rfb1 Rab8
22. Rb2 Kg7 23. g3 Qe7 24. Rab1 Qa7 25. Ra1 h4 26. Kg2 hxg3 27. hxg3 Nc4 28.
Bxc4 Rxb2 29. Qxb2 dxc4 30. Qa2 g5 31. Ne2 Bd5+ 32. Kf1 Rh8 33. Qc2 Qd7 34. g4
Rh1+ 35. Ng1 f4 36. Qf5 Qxf5 37. gxf5 f3 38. e4 Bxe4 0-1

[Event "TCh-CHN Division A 2014"]
[Site "Jiangmen CHN"]
[Date "2014.12.08"]
[Round "21.4"]
[Board "3"]
[White "Liu, Guanchu"]
[Black "Lan, Zilun"]
[Result "0-1"]
[WhiteTitle "IM"]
[WhiteElo "2409"]
[BlackElo "2147"]
[WhiteTeam "Chengdu"]
[BlackTeam "Zhejiang"]
[WhiteFideId "8603901"]
[BlackFideId "8604193"]
[EventDate "2014.04.12"]

1. e4 c6 2. d4 d5 3. e5 Bf5 4. Nd2 e6 5. Nb3 Nd7 6. Nf3 Ne7 7. Bd2 Bg6 8. Bb4
Nf5 9. Qd2 Be7 10. Bd3 Nh4 11. Nxh4 Bxh4 12. O-O Be7 13. f4 Bxb4 14. Qxb4 Qb6
15. Qa3 Bxd3 16. cxd3 a5 17. Nc5 Nxc5 18. dxc5 Qc7 19. d4 g6 20. Qc3 O-O 21. a4
Rfb8 22. Rfc1 b6 23. Rab1 bxc5 24. Qxc5 Rb4 25. b3 Rab8 26. Rc3 Qb6 27. Rd1 Rxb3
28. Qxc6 Rb1 0-1

[Event "TCh-CHN Division A 2014"]
[Site "Jiangmen CHN"]
[Date "2014.12.08"]
[Round "21.4"]
[Board "4"]
[White "Zhu, Jiner"]
[Black "Li, Yunshan"]
[Result "1-0"]
[BlackTitle "WFM"]
[WhiteElo "1922"]
[BlackElo "1951"]
[WhiteTeam "Zhejiang"]
[BlackTeam "Chengdu"]
[WhiteFideId "8608059"]
[BlackFideId "8607664"]
[EventDate "2014.04.12"]

1. e4 c5 2. Nf3 e6 3. d4 cxd4 4. Nxd4 Nc6 5. Nc3 Qc7 6. g3 a6 7. Bg2 Nf6 8. O-O
Nxd4 9. Qxd4 Bc5 10. Bf4 d6 11. Qd2 h6 12. Rad1 e5 13. Be3 Be6 14. Bxc5 dxc5 15.
f4 O-O 16. f5 Rad8 17. Qe2 Bc8 18. Nd5 Nxd5 19. exd5 f6 20. c4 Qd6 21. h4 Bd7
22. Be4 Kf7 23. Rf3 Rh8 24. g4 Rdg8 25. Kf2 Ke7 26. Qd2 Be8 27. a3 b5 28. Rc1
Bd7 29. Rfc3 Rc8 30. Qe3 Qb6 31. b4 Qd6 32. Rb1 Kf7 33. cxb5 cxb4 34. Rxc8 Rxc8
35. bxa6 bxa3 36. Rb6 Qc5 37. a7 Qc7 38. Ra6 Qb7 39. Qxa3 Ra8 40. Kf3 Bb5 41. d6 1-0

[Event "TCh-CHN Division A 2014"]
[Site "Jiangmen CHN"]
[Date "2014.12.08"]
[Round "21.4"]
[Board "5"]
[White "Ding, Yixin"]
[Black "Ren, Xiaoyi"]
[Result "1-0"]
[WhiteTitle "WGM"]
[WhiteElo "2440"]
[BlackElo "2130"]
[WhiteTeam "Zhejiang"]
[BlackTeam "Chengdu"]
[WhiteFideId "8602972"]
[BlackFideId "8608709"]
[EventDate "2014.04.12"]

1. e4 c5 2. Nf3 e6 3. d4 cxd4 4. Nxd4 Nc6 5. Nc3 Qc7 6. Be2 a6 7. O-O Nf6 8. Be3
Be7 9. f4 d6 10. Qe1 Nxd4 11. Bxd4 e5 12. fxe5 dxe5 13. Qg3 Bc5 14. Qxg7 Bxd4+
15. Kh1 Rg8 16. Qxf6 Bxc3 17. bxc3 Qe7 18. Bh5 Rf8 19. Qb6 Be6 20. Rab1 Bxa2 21.
Qxb7 Qxb7 22. Rxb7 Be6 23. Rf6 Kd8 24. Bxf7 Bxf7 25. Rfxf7 Rxf7 26. Rxf7 Kc8 27.
Rxh7 a5 28. Rh8+ Kb7 29. Rxa8 Kxa8 30. h4 a4 31. h5 a3 32. h6 a2 33. h7 a1=Q+
34. Kh2 Qxc3 35. h8=Q+ Kb7 36. Qg7+ Kc6 37. Qg3 Qd4 38. Qd3 Qf2 39. Kh3 Qf4 40.
g3 Qh6+ 41. Kg2 Qg5 42. c4 Qh5 43. Qf3 Qg5 44. Qf5 Qd2+ 45. Kh3 Qh6+ 46. Kg4
Qg7+ 47. Qg5 Qd7+ 48. Kh5 Qd4 49. Qg8 Qd1+ 50. Kg5 Qe2 51. Qd5+ Kc7 52. Qxe5+
Kd8 53. Kg6 Qa2 54. g4 Kd7 55. Kf7 Qg2 56. g5 Kc6 57. g6 Qa2 58. g7 1-0

[Event "TCh-CHN Division A 2014"]
[Site "Jiangmen CHN"]
[Date "2014.12.08"]
[Round "21.5"]
[Board "1"]
[White "Li, Wenxiang"]
[Black "Wang, Rui"]
[Result "0-1"]
[BlackTitle "GM"]
[WhiteElo "1846"]
[BlackElo "2394"]
[WhiteTeam "Qingdao Qingwei"]
[BlackTeam "Hebei"]
[WhiteFideId "8609748"]
[BlackFideId "8601003"]
[EventDate "2014.04.12"]

1. d4 Nf6 2. c4 c5 3. d5 b5 4. cxb5 a6 5. bxa6 d6 6. Nc3 Bxa6 7. Nf3 g6 8. g3
Bg7 9. Bg2 O-O 10. O-O Nbd7 11. Qc2 Ng4 12. Rd1 Qa5 13. Bd2 Rfb8 14. Bf1 Qb6 15.
Rab1 Qa7 16. h3 Nge5 17. Nxe5 Nxe5 18. b3 Bc8 19. Bg2 Qa3 20. Qc1 Qa7 21. Qc2
Qa3 22. Qc1 Qa6 23. Qc2 Bf5 24. e4 Bd7 25. Be3 Qa5 26. Rbc1 Bc8 27. Kh2 c4 28.
bxc4 Nxc4 29. Bd4 Rb2 30. Qd3 Ne5 31. Qe3 Ba6 32. Bf1 Bxf1 33. Bxe5 Bxe5 34.
Rxf1 Qb4 35. Kg2 Ra3 0-1

[Event "TCh-CHN Division A 2014"]
[Site "Jiangmen CHN"]
[Date "2014.12.08"]
[Round "21.5"]
[Board "2"]
[White "Yu, Chaojie"]
[Black "Wan, Yunguo"]
[Result "1/2-1/2"]
[BlackTitle "IM"]
[WhiteElo "2107"]
[BlackElo "2493"]
[WhiteTeam "Qingdao Qingwei"]
[BlackTeam "Hebei"]
[WhiteFideId "8608555"]
[BlackFideId "8603189"]
[EventDate "2014.04.12"]

1. e4 e5 2. Nf3 Nc6 3. Bb5 a6 4. Ba4 Nf6 5. O-O b5 6. Bb3 Bc5 7. Nxe5 Nxe5 8. d4
Bxd4 9. Qxd4 d6 10. c3 O-O 11. Bg5 h6 12. Bxf6 Qxf6 13. f4 c5 14. Qe3 Ng4 15.
Qg3 Qe7 16. Nd2 c4 17. Bd1 Qa7+ 18. Kh1 Ne3 19. Re1 Nxd1 20. Raxd1 Re8 21. Nf3
Bb7 22. Rd4 Qc5 23. Nh4 Bc8 24. Rd5 Qc7 25. f5 f6 26. Rxd6 Bb7 27. Rd4 Qxg3 28.
hxg3 Rad8 29. e5 Rxd4 30. cxd4 Kf7 31. e6+ Ke7 32. Ng6+ Kd6 33. Nf4 b4 34. Kg1
Bd5 35. Kf2 Rc8 36. Ke3 a5 37. Rc1 a4 38. g4 Rb8 39. g3 1/2-1/2

[Event "TCh-CHN Division A 2014"]
[Site "Jiangmen CHN"]
[Date "2014.12.08"]
[Round "21.5"]
[Board "3"]
[White "Zhou, Jiangnan"]
[Black "Yang, Kaiqi"]
[Result "0-1"]
[BlackTitle "IM"]
[WhiteElo "2100"]
[BlackElo "2351"]
[WhiteTeam "Qingdao Qingwei"]
[BlackTeam "Hebei"]
[WhiteFideId "8609918"]
[BlackFideId "8604398"]
[EventDate "2014.04.12"]

1. d4 Nf6 2. c4 e6 3. Nc3 Bb4 4. f3 d5 5. a3 Be7 6. e4 c5 7. e5 Nfd7 8. cxd5
exd5 9. f4 cxd4 10. Qxd4 Nb6 11. Bd3 f6 12. Nf3 Nc6 13. Qf2 fxe5 14. Nxe5 O-O
15. Nxc6 bxc6 16. O-O c5 17. Qf3 c4 18. Bc2 d4 19. Na4 d3 20. Nxb6 Qxb6+ 21. Be3
Bb7 22. Bxb6 Bxf3 23. Rxf3 dxc2 24. Ba5 Rab8 25. Bc3 Rfd8 26. Rff1 Bc5+ 27. Kh1
Bd4 0-1

[Event "TCh-CHN Division A 2014"]
[Site "Jiangmen CHN"]
[Date "2014.12.08"]
[Round "21.5"]
[Board "4"]
[White "Zhai, Mo"]
[Black "Gao, Hanxue"]
[Result "1-0"]
[WhiteTitle "WIM"]
[WhiteElo "2325"]
[BlackElo "1766"]
[WhiteTeam "Hebei"]
[BlackTeam "Qingdao Qingwei"]
[WhiteFideId "8600201"]
[BlackFideId "8608873"]
[EventDate "2014.04.12"]

1. d4 d5 2. c4 c6 3. cxd5 cxd5 4. Bf4 Nf6 5. e3 e6 6. Nc3 a6 7. Bd3 h6 8. Nf3
Bd6 9. Ne5 O-O 10. Bg3 Nc6 11. f4 Nd7 12. O-O f5 13. Rc1 Qe8 14. Be2 Nf6 15. Na4
Bxe5 16. fxe5 Ne4 17. Be1 b5 18. Nc5 Ne7 19. Bh4 g5 20. Be1 Qd8 21. Nb3 Ng6 22.
Bh5 Kh7 23. Ba5 Qe8 24. Qe1 Ra7 25. Qb4 Rff7 26. Rc2 Rae7 27. Nc5 Bb7 28. Nd3
Qg8 29. Rfc1 Rg7 30. a4 f4 31. Bxg6+ Rxg6 32. Qxe7+ Rg7 33. Qd8 1-0

[Event "TCh-CHN Division A 2014"]
[Site "Jiangmen CHN"]
[Date "2014.12.08"]
[Round "21.5"]
[Board "5"]
[White "Guo, Weibao"]
[Black "Yang, Yingxia"]
[Result "1/2-1/2"]
[WhiteElo "1710"]
[BlackElo "1827"]
[WhiteTeam "Hebei"]
[BlackTeam "Qingdao Qingwei"]
[WhiteFideId "8608440"]
[BlackFideId "8609837"]
[EventDate "2014.04.12"]

1. d4 Nf6 2. c4 e6 3. Nc3 d5 4. cxd5 exd5 5. Bg5 c6 6. e3 Be7 7. Qc2 h6 8. Bh4
O-O 9. Bd3 a6 10. Nge2 Nh5 11. Bg3 Be6 12. O-O Bd6 13. Na4 Nxg3 14. Nxg3 Nd7 15.
Rac1 Rc8 16. Nf5 Bb8 17. Nc5 Nxc5 18. dxc5 Bxf5 19. Bxf5 Qc7 20. g3 Rce8 21.
Rfd1 Qe7 22. Rd4 Be5 23. Rb4 b5 24. Rb3 Bc7 25. Rd3 Rd8 26. Rcd1 Be5 27. Ra3 Ra8
28. b4 Rfd8 29. Rad3 1/2-1/2

[Event "TCh-CHN Division A 2014"]
[Site "Jiangmen CHN"]
[Date "2014.12.08"]
[Round "21.6"]
[Board "1"]
[White "Zhou, Jianchao"]
[Black "Wang, Chen"]
[Result "1/2-1/2"]
[WhiteTitle "GM"]
[BlackTitle "IM"]
[WhiteElo "2590"]
[BlackElo "2508"]
[WhiteTeam "Shanghai"]
[BlackTeam "Chongqing"]
[WhiteFideId "8603537"]
[BlackFideId "8601020"]
[EventDate "2014.04.12"]

1. c4 e6 2. g3 d5 3. Bg2 g6 4. Nf3 Bg7 5. d4 Ne7 6. O-O O-O 7. Nc3 Nbc6 8. e3 b6
9. Nd2 Bb7 10. b3 Qd7 11. Bb2 Rfc8 12. Qe2 Nd8 13. Rfd1 f5 14. Nf3 Nf7 15. Ne5
Qe8 16. Nxf7 Qxf7 17. a4 a5 18. Ba3 Rd8 19. Rac1 Nc8 20. Rc2 c6 21. c5 Bf8 22.
Nb1 Qc7 23. cxb6 Nxb6 24. Bxf8 Rxf8 25. Rdc1 Nd7 26. Nd2 Ra6 27. Qf3 Rb6 28. Qf4
Rc8 29. h4 Ba6 30. Qg5 c5 31. dxc5 Rc6 32. Nf3 Rxc5 33. Nd4 Qd6 34. Rxc5 Nxc5
35. h5 Kg7 36. Rc2 Bd3 37. Rd2 Ne4 38. Bxe4 Bxe4 39. f3 Rc1+ 40. Kf2 Qb4 41. Re2
Bd3 42. Nxe6+ Kf7 43. Nf4 Bxe2 44. Qxg6+ Kf8 45. Qxf5+ Ke8 46. Qe6+ Kd8 47. Qg8+
Kd7 48. Qe6+ Kd8 49. Qg8+ 1/2-1/2

[Event "TCh-CHN Division A 2014"]
[Site "Jiangmen CHN"]
[Date "2014.12.08"]
[Round "21.6"]
[Board "2"]
[White "Ni, Hua"]
[Black "Motylev, Alexander"]
[Result "1-0"]
[WhiteTitle "GM"]
[BlackTitle "GM"]
[WhiteElo "2677"]
[BlackElo "2680"]
[WhiteTeam "Shanghai"]
[BlackTeam "Chongqing"]
[WhiteFideId "8601160"]
[BlackFideId "4121830"]
[EventDate "2014.04.12"]

1. e4 c6 2. d4 d5 3. e5 Bf5 4. h4 Qb6 5. Ne2 e6 6. Ng3 Ne7 7. c3 h5 8. Nxh5 c5
9. dxc5 Qxc5 10. Na3 Qc7 11. Nb5 Qxe5+ 12. Be2 Bg4 13. f3 Bxh5 14. Qa4 Nec6 15.
Bf4 Qf6 16. Nc7+ Kd7 17. Nxa8 Bd6 18. Bxd6 Kxd6 19. Qb3 Qd8 20. O-O-O Bg6 21. c4
Qa5 22. h5 Bh7 23. h6 g5 24. Bd3 Bxd3 25. Rxd3 Nd7 26. cxd5 exd5 27. Qxb7 Nb4
28. Ra3 Qc5+ 29. Kb1 Rxa8 30. Qxa8 Qc2+ 31. Ka1 Qxg2 32. Rc1 Nc2+ 33. Kb1 Nxa3+
34. bxa3 Qh3 35. Qc6+ Ke7 36. Re1+ Kd8 37. Qa8+ Kc7 38. Qxa7+ Kd6 39. Qa6+ Kc5
40. Qa5+ Kd6 41. Qb4+ Kc7 42. Rc1+ Kd8 43. Re1 Kc7 44. Qa5+ Kd6 45. Qb4+ Kc7 46.
Rc1+ Kd8 47. Qa5+ Ke7 48. Qxd5 Qxh6 49. Re1+ Kf8 50. Qxd7 Qb6+ 51. Kc2 Qc5+ 52.
Kb3 Qb6+ 53. Kc4 Qa6+ 54. Qb5 1-0

[Event "TCh-CHN Division A 2014"]
[Site "Jiangmen CHN"]
[Date "2014.12.08"]
[Round "21.6"]
[Board "3"]
[White "Lou, Yiping"]
[Black "Zhou, Weiqi"]
[Result "1/2-1/2"]
[WhiteTitle "IM"]
[BlackTitle "GM"]
[WhiteElo "2461"]
[BlackElo "2614"]
[WhiteTeam "Shanghai"]
[BlackTeam "Chongqing"]
[WhiteFideId "8603928"]
[BlackFideId "8601674"]
[EventDate "2014.04.12"]

1. d4 Nf6 2. c4 e6 3. Nc3 Bb4 4. Qc2 c5 5. dxc5 O-O 6. Nf3 Na6 7. g3 Nxc5 8. Bg2
Nce4 9. O-O Nxc3 10. bxc3 Be7 11. e4 d6 12. e5 dxe5 13. Nxe5 Qc7 14. Qe2 Bd6 15.
Bf4 Ne8 16. c5 Qxc5 17. c4 f6 18. Nd3 Qc7 19. c5 Bxf4 20. Nxf4 Qf7 21. Rab1 Rb8
22. Qd2 g5 23. Ne2 Ng7 24. Qd6 Bd7 25. Bxb7 Nf5 26. Qa6 Bc8 27. Bxc8 Rbxc8 28.
Rb7 Qe8 29. Rc1 Rc6 30. Qxa7 Qh5 31. Rb8 Qf7 32. Rb7 Qh5 33. Rb8 Qf7 34. Rxf8+
Kxf8 35. Qa8+ Qe8 36. Qb7 h5 37. a4 Qc8 38. Qh7 Rc7 39. Qh8+ Kf7 40. Qxh5+ Kg7
41. Qg4 Rxc5 42. Rxc5 Qxc5 43. h4 Kh6 44. hxg5+ fxg5 45. Qe4 Qd6 46. Kg2 Kg7 47.
Qb7+ Kf6 48. a5 Qd2 49. Qf3 Qxa5 50. g4 Qe5 51. gxf5 exf5 52. Ng3 g4 53. Qa8 f4
54. Qh8+ Ke6 55. Qg8+ Kf6 56. Qf8+ Kg6 57. Qg8+ Kf6 58. Qh8+ Ke6 59. Qe8+ Kf6
60. Qc6+ Kg5 61. Ne4+ Kh5 62. Nf6+ Kh4 63. Ne4 Kh5 64. Qc4 Kh6 65. Nc3 Qd6 66.
Qe4 Kg5 67. Qe8 Qc7 68. Qg8+ Kf5 69. Qf8+ Kg6 70. Nd5 Qc6 71. Qg8+ Kf5 72. Qf7+
Ke5 73. Qxf4+ Kxd5 74. Kg3 Qc3+ 75. Kxg4 Ke6 76. Qf5+ Ke7 77. Qh7+ Kf8 78. Qh6+
Kf7 79. Qh5+ Kg7 80. Qg5+ Kf7 81. Qf5+ Kg7 82. Kh5 Qc6 83. Qe5+ Kf7 84. Qf4+ Kg7
85. Kg4 Qg2+ 86. Kf5 Qg6+ 87. Ke5 Qe8+ 88. Kd5 Qa8+ 89. Kd4 Qa1+ 90. Ke4 Qb1+
91. Kf3 Qd1+ 92. Kg2 Qa1 93. Qf5 Qe1 94. Qd5 Kf6 95. Qd4+ Kf7 96. Kf3 Qh1+ 97.
Ke2 Qh5+ 98. Ke3 Qh3+ 99. Kd2 Qf1 100. Qc5 Qh1 101. Qf5+ Kg7 102. Ke2 Qa1 103.
Qe4 1/2-1/2

[Event "TCh-CHN Division A 2014"]
[Site "Jiangmen CHN"]
[Date "2014.12.08"]
[Round "21.6"]
[Board "4"]
[White "Huang, Qian"]
[Black "Zhang, Xiaowen"]
[Result "1/2-1/2"]
[WhiteTitle "WGM"]
[BlackTitle "WGM"]
[WhiteElo "2464"]
[BlackElo "2355"]
[WhiteTeam "Chongqing"]
[BlackTeam "Shanghai"]
[WhiteFideId "8602689"]
[BlackFideId "8603219"]
[EventDate "2014.04.12"]

1. Nf3 Nf6 2. c4 e6 3. Nc3 d5 4. d4 Be7 5. Bg5 h6 6. Bxf6 Bxf6 7. e3 O-O 8. Rc1
c6 9. Be2 dxc4 10. Bxc4 Nd7 11. Ne4 Be7 12. O-O Nf6 13. Bd3 Nxe4 14. Bxe4 Bd6
15. a3 Qe7 16. Ne5 Qd8 17. Nf3 Bd7 18. Ne5 Qe7 19. f4 Be8 20. Bb1 Rc8 21. Qd3 f5
22. e4 Bxe5 23. fxe5 Bg6 24. Qg3 Qg5 25. Qxg5 hxg5 26. Ba2 Rce8 27. d5 exd5 28.
exd5 cxd5 29. e6 Re7 30. Bxd5 f4 31. Rfe1 Bf5 32. Rc7 Rfe8 33. Rxb7 Rxb7 34.
Bxb7 Bxe6 35. Re5 Rb8 36. Bc6 Kf7 37. b4 Kf6 38. Rc5 Rd8 39. h3 g4 40. hxg4 Bxg4
41. Ra5 Rd1+ 42. Kf2 Rd2+ 43. Kg1 Rd1+ 44. Kh2 Rd2 45. Kg1 1/2-1/2

[Event "TCh-CHN Division A 2014"]
[Site "Jiangmen CHN"]
[Date "2014.12.08"]
[Round "21.6"]
[Board "5"]
[White "Tan, Zhongyi"]
[Black "Ju, Wenjun"]
[Result "1-0"]
[WhiteTitle "WGM"]
[BlackTitle "WGM"]
[WhiteElo "2465"]
[BlackElo "2582"]
[WhiteTeam "Chongqing"]
[BlackTeam "Shanghai"]
[WhiteFideId "8603642"]
[BlackFideId "8603006"]
[EventDate "2014.04.12"]

1. d4 Nf6 2. c4 g6 3. Nc3 Bg7 4. e4 d6 5. Be2 O-O 6. Bg5 c5 7. d5 h6 8. Bf4 e6
9. Qd2 exd5 10. exd5 Kh7 11. Nf3 Nh5 12. Be3 f5 13. Qd1 f4 14. Bd2 Bf5 15. O-O
Nd7 16. Nb5 Bxb2 17. Rb1 Be5 18. Nxe5 Nxe5 19. Bxh5 f3 20. Bxf3 Bxb1 21. Qxb1
Rxf3 22. Nxd6 Qxd6 23. Qxb7+ Rf7 24. Qxa8 Ng4 25. g3 Qe5 26. Qc8 Qh5 27. h4 Ne5
28. Bc3 Nf3+ 29. Kh1 Nd4 30. Bxd4 Qf3+ 31. Kg1 cxd4 32. d6 Qf6 33. d7 Rf8 34. c5
d3 35. c6 d2 36. Qxf8 Qxf8 37. c7 1-0

[Event "TCh-CHN Division A 2014"]
[Site "Jiangmen CHN"]
[Date "2014.12.09"]
[Round "22.1"]
[White "Yu, Yangyi"]
[Black "Ni, Hua"]
[Result "1/2-1/2"]
[WhiteTitle "GM"]
[BlackTitle "GM"]
[WhiteElo "2705"]
[BlackElo "2677"]
[WhiteTeam "Beijing"]
[BlackTeam "Shanghai"]
[WhiteFideId "8603820"]
[BlackFideId "8601160"]
[EventDate "2014.04.12"]

1. e4 e5 2. Nf3 Nc6 3. Bb5 Nf6 4. d3 Bc5 5. Bxc6 dxc6 6. Nbd2 Be6 7. O-O Nd7 8.
Nb3 Be7 9. d4 Bf6 10. dxe5 Nxe5 11. Nxe5 Bxe5 12. Qe2 O-O 13. f4 Bd4+ 14. Nxd4
Qxd4+ 15. Qe3 Qxe3+ 16. Bxe3 f5 17. e5 Rfd8 18. Rfd1 b6 19. Bf2 Kf7 20. Bh4
Rxd1+ 21. Rxd1 a5 22. a3 b5 23. Kf2 a4 24. Rd8 Rxd8 25. Bxd8 Bd5 26. Bxc7 Be4
27. c4 Bd3 28. cxb5 cxb5 29. Ke3 Bf1 30. g3 Ke6 31. Kd4 g6 32. Bd6 h5 33. Kc5
Kd7 34. Kb6 Be2 35. Kc5 1/2-1/2

[Event "TCh-CHN Division A 2014"]
[Site "Jiangmen CHN"]
[Date "2014.12.09"]
[Round "22.1"]
[White "Xiu, Deshun"]
[Black "Zhou, Jianchao"]
[Result "0-1"]
[WhiteTitle "GM"]
[BlackTitle "GM"]
[WhiteElo "2553"]
[BlackElo "2590"]
[WhiteTeam "Beijing"]
[BlackTeam "Shanghai"]
[WhiteFideId "8603693"]
[BlackFideId "8603537"]
[EventDate "2014.04.12"]

1. d4 Nf6 2. Nf3 d5 3. c4 c6 4. Nc3 dxc4 5. a4 Bf5 6. e3 e6 7. Bxc4 Bb4 8. O-O
O-O 9. Qe2 Bg6 10. Ne5 Nbd7 11. Nxg6 hxg6 12. Qc2 Rc8 13. Rd1 Qe7 14. a5 c5 15.
d5 Ne5 16. d6 Qd8 17. b3 Nxc4 18. bxc4 Rc6 19. Bb2 Rxd6 20. Rxd6 Qxd6 21. Nb5
Qb8 22. a6 Rd8 23. Bxf6 gxf6 24. g3 bxa6 25. Rxa6 Qb7 26. Rd6 Rxd6 27. Nxd6 Qe7
28. Nb5 a6 29. Nc3 Bxc3 30. Qxc3 Qd8 31. Qa1 a5 32. h4 e5 33. Qa4 Kg7 34. Qb5
Qd1+ 35. Kg2 a4 36. Qxc5 Qc1 37. Qd5 a3 38. c5 Qb1 39. c6 a2 0-1

[Event "TCh-CHN Division A 2014"]
[Site "Jiangmen CHN"]
[Date "2014.12.09"]
[Round "22.1"]
[White "Ju, Wenjun"]
[Black "Zhao, Xue"]
[Result "1/2-1/2"]
[WhiteTitle "WGM"]
[BlackTitle "GM"]
[WhiteElo "2582"]
[BlackElo "2514"]
[WhiteTeam "Shanghai"]
[BlackTeam "Beijing"]
[WhiteFideId "8603006"]
[BlackFideId "8601283"]
[EventDate "2014.04.12"]

1. d4 Nf6 2. c4 e6 3. g3 Bb4+ 4. Bd2 a5 5. Bg2 d6 6. Nf3 Nbd7 7. O-O e5 8. b3
O-O 9. a3 Bxd2 10. Qxd2 Re8 11. Nc3 c6 12. e4 exd4 13. Nxd4 Nb6 14. a4 Nbd7 15.
Rfe1 Nc5 16. Rab1 Bd7 17. h3 h5 18. f4 Qc7 19. Kh2 Re7 20. Re3 Rae8 21. Rbe1 Bc8
22. Kh1 Bd7 23. Kh2 Bc8 24. Kh1 Qb6 25. Kh2 Qd8 26. Qd1 Qc7 27. Qd2 Nh7 28. Bf3
Nf6 29. Bg2 Bd7 30. Qd1 Bc8 31. Qd2 Bd7 32. Qd1 1/2-1/2

[Event "TCh-CHN Division A 2014"]
[Site "Jiangmen CHN"]
[Date "2014.12.09"]
[Round "22.1"]
[White "Zhang, Xiaowen"]
[Black "Wang, Jue"]
[Result "1-0"]
[WhiteTitle "WGM"]
[BlackTitle "WGM"]
[WhiteElo "2355"]
[BlackElo "2353"]
[WhiteTeam "Shanghai"]
[BlackTeam "Beijing"]
[WhiteFideId "8603219"]
[BlackFideId "8604070"]
[EventDate "2014.04.12"]

1. e4 c5 2. Nf3 d6 3. d4 cxd4 4. Nxd4 Nf6 5. Nc3 a6 6. Be2 e5 7. Nb3 Be7 8. O-O
O-O 9. Be3 Be6 10. Nd5 Nbd7 11. Qd3 Bxd5 12. exd5 Ne8 13. Bg4 g6 14. Bxd7 Qxd7
15. c4 a5 16. a4 Qc7 17. f4 exf4 18. Bxf4 Bf6 19. Nd4 Rc8 20. b3 Qb6 21. Be3 Qd8
22. Ra2 Bg5 23. Raf2 Bxe3 24. Qxe3 Ng7 25. Nb5 Ne8 26. Re1 Nc7 27. Qe7 Nxb5 28.
axb5 Qb6 29. Qe3 Qxe3 30. Rxe3 Rfe8 31. Rxe8+ Rxe8 32. Rf6 Rd8 33. b6 Kf8 34.
Rf1 Ra8 35. Ra1 Ra6 36. b4 Rxb6 37. b5 Ke7 38. Rxa5 Kf6 39. Kf2 Ke5 40. Ke3 f5
41. Ra8 f4+ 42. Kd3 g5 43. Rh8 1-0